header

Overkill (Record no. 131572)

MARC details
000 -LEADER
fixed length control field 02221nam a2200445 a 4500
082 04 - DEWEY DECIMAL CLASSIFICATION NUMBER
Classification number 306.70947/090511
100 1# - MAIN ENTRY--AUTHOR NAME
Personal name Borenstein, Eliot,
245 10 - TITLE STATEMENT
Title Overkill
260 ## - PUBLICATION, DISTRIBUTION, ETC. (IMPRINT)
Place of publication Ithaca :
Name of publisher Cornell University Press,
Year of publication 2008.
300 ## - PHYSICAL DESCRIPTION
Number of Pages xv, 265 p. :
Other physical details ill.
490 1# - SERIES STATEMENT
Series statement Culture and society after socialism
505 0# - FORMATTED CONTENTS NOTE
Formatted contents note About that : sex and its metaphors -- Stripping the nation bare : pornography as politics -- Pimping the motherland : Russia bought and sold -- To be continued : death and the art of serial storytelling -- Women who run with the wolves -- Men of action : heroic melodrama and the passion of Mad Dog -- Overkill : bespredel and gratuitous violence -- Conclusion : someone like Putin.
650 #0 - SUBJECT ADDED ENTRY--TOPICAL TERM
Topical Term Popular culture
Topical Term Sex in popular culture
Topical Term Violence in popular culture
Topical Term Sex in mass media.
Topical Term Violence in mass media.
Topical Term Popular literature
Topical Term Post-communism
856 40 - ELECTRONIC LOCATION AND ACCESS
Uniform Resource Identifier http://site.ebrary.com/lib/rucke/Doc?id=10468003

No items available.

© 2026 Rongo University
Contact us: librarian | system librarian | Rongo university